| 000 | 00978nam a22002895i 4500 | ||
|---|---|---|---|
| 001 | 11390 | ||
| 003 | ES-MaACL | ||
| 005 | 20250801101058.0 | ||
| 007 | t| | ||
| 008 | 921117s1992 sp ||||0| spa j | ||
| 020 | _a84-7100-590-5 | ||
| 040 |
_aM-BN _bspa _cM-BN |
||
| 080 | _a327(460:82)"19" | ||
| 080 | _a327(82:460)"19" | ||
| 100 | 1 |
_aRivadulla Barrientos, Daniel. _997538 |
|
| 245 | 1 | 3 |
_aLa "amistad irreconciliable" _b: España y Argentina, 1900-1914 / _cDaniel Rivadulla Barrientos. |
| 260 |
_aMadrid : _bMAPFRE, _c[1992] |
||
| 300 |
_a269 p ; _c23 cm. |
||
| 490 | 1 |
_aColección Relaciones entre España y América ; _v20 |
|
| 500 | _aIndices. | ||
| 504 | _aBibliografía: p. [261]-263. | ||
| 651 |
_aEspaña- _xRelaciones- _zArgentina. _9143746 |
||
| 651 |
_aArgentina- _xRelaciones- _zEspaña. _9143747 |
||
| 830 | 0 | 0 |
_aColección Relaciones entre España y América _v20 _9179037 |
| 852 |
_aES-MaACL _jL-18715 _bR.124140 |
||
| 999 |
_c11390 _d11390 |
||